Fundamentals of Mathematical Statistics (Record no. 3700)

MARC details
000 -LEADER
fixed length control field 00346nam a2200145Ia 4500
008 - FIXED-LENGTH DATA ELEMENTS--GENERAL INFORMATION
fixed length control field 191201s2008 xx 000 0 und d
082 ## - DEWEY DECIMAL CLASSIFICATION NUMBER
Classification number 519.5
Item number GUM
100 ## - MAIN ENTRY--PERSONAL NAME
Personal name GUPTA, S C
245 #0 - TITLE STATEMENT
Title Fundamentals of Mathematical Statistics
250 ## - EDITION STATEMENT
Edition statement Rep.
260 ## - PUBLICATION, DISTRIBUTION, ETC. (IMPRINT)
Place of publication, distribution, etc N.Delhi
Name of publisher, distributor, etc Sultan Chand
Date of publication, distribution, etc 2008
300 ## - PHYSICAL DESCRIPTION
Extent misc
650 ## - SUBJECT ADDED ENTRY--TOPICAL TERM
Topical term or geographic name as entry element MCA
942 ## - ADDED ENTRY ELEMENTS (KOHA)
Source of classification or shelving scheme Dewey Decimal Classification
Koha item type Text Books
Holdings
Withdrawn status Lost status Source of classification or shelving scheme Damaged status Not for loan Collection code Home library Current library Date acquired Source of acquisition Cost, normal purchase price Bill Number Total Checkouts Full call number Acc. no. / Barcode Checked out Date last seen Bill Date Koha item type Date last borrowed Public note
    Dewey Decimal Classification     MCA PIET C-LIBRARY PIET C-LIBRARY 22/12/2008 J B C, New Delhi 390.00 SI-4689   519.5 GUM 10758 11/02/2019 04/12/2019 16/12/2008 Text Books    
    Dewey Decimal Classification     MCA PIET C-LIBRARY PIET C-LIBRARY 22/12/2008 J B C, New Delhi 390.00 SI-4689 4 519.5 GUM 10759   24/11/2025 16/12/2008 Text Books 20/11/2025  
    Dewey Decimal Classification     MCA PIET C-LIBRARY PIET C-LIBRARY 22/12/2008 J B C, New Delhi 390.00 SI-4689 2 519.5 GUM 10760   17/01/2024 16/12/2008 Text Books 05/01/2024  
    Dewey Decimal Classification     MCA PIET C-LIBRARY PIET C-LIBRARY 22/12/2008 J B C, New Delhi 390.00 SI-4689 1 519.5 GUM 10761 20/07/2022 21/01/2022 16/12/2008 Text Books 21/01/2022 .
    Dewey Decimal Classification     MCA PIET C-LIBRARY PIET C-LIBRARY 22/12/2008 J B C, New Delhi 390.00 SI-4689 2 519.5 GUM 10762   15/12/2025 16/12/2008 Text Books 02/12/2025  

Design & Developed by: PIET Central Library
R70 Miles Stone Pattikalyana Samalkha Panipat 132102
mail ID :- [email protected], Phone No:- 0180-2569700 Ex.216